| 000 | 01219cam a22002895i 4500 | ||
|---|---|---|---|
| 999 |
_c7804 _d7804 |
||
| 003 | EG-ScBUE | ||
| 005 | 20200121142744.0 | ||
| 008 | 200121s1971 ua g b 000 0 ara d | ||
| 040 |
_aEG- ScBUE _bara _erda _cEG- ScBUE _dEG- ScBUE |
||
| 082 | 0 | 4 |
_a892.744 _bج ن د _222 |
| 100 | 1 |
_aجندي، أنور، _eمؤلف. |
|
| 245 | 1 | 2 |
_aالشبهات والأخطاء الشائعة في الأدب العربي والتراجم والفكر الإسلامي / _cبقلم أنور الجندي. |
| 264 | 1 |
_a[مكان النشر غير معرف] : _b[الناشر غير معرف]، _c[تاريخ النشر غير معرف] |
|
| 264 | 3 |
_a[القاهرة] : _b[مطبعة حجازي]، _c[حوالي 1971] |
|
| 300 |
_a260 صفحة ؛ _c24 سم |
||
| 336 |
_aنص _btxt _2rdacontent |
||
| 337 |
_aبدون وسيط _bn _2rdamedia |
||
| 338 |
_aمجلد _bnc _2rdacarrier |
||
| 504 | _aيشتمل على إرجاعات ببليوجرافية. | ||
| 650 | 7 |
_aالأدب العربي. _2BUEsh _913631 |
|
| 650 | 7 |
_aالفرق الإسلامية. _2BUEsh |
|
| 650 | 7 |
_aالفقه الإسلامي. _2BUEsh |
|
| 650 | 7 |
_aالتاريخ الإسلامي. _2BUEsh |
|
| 651 | _2BUEsh | ||
| 653 |
_bARALIT _bGGEN |
||
| 942 |
_cBB _2ddc |
||